Loreto College Library, Kolkata
WEBOPAC (ONLINE PUBLIC ACCESS CATALOGUE)

JavaScript (Record no. 36133)

MARC details
000 -LEADER
fixed length control field 00686nam a2200217Ia 4500
008 - FIXED-LENGTH DATA ELEMENTS--GENERAL INFORMATION
fixed length control field 131103s9999 xx 000 0 und d
020 ## - ISBN | অাই এস বি এন
ISBN | অাই এস বি এন 8184045654
PRICE Rs.450.00
040 ## - CATALOGING SOURCE
Original cataloging agency Loreto College
041 ## - LANGUAGE CODE
Language code English
082 ## - DDC | ডিউই
Classification number | বর্গসংখ্যা 005.13(J)/MCF
Book Number | গ্রন্থাঙ্ক LCLIB/47533
100 ## - MAIN ENTRY--PERSONAL NAME | মুখ্য সংলেখ - ব্যাক্তিনাম
Personal name | ব্যাক্তিনাম McFarland,David Sawyer
245 ## - TITLE STATEMENT | অাখ্যা বিবরণী
Title | অাখ্যা JavaScript
Sub title | উপঅাখ্যা The missing manual
Statement of responsibility | লেখকের দায়িত্বের বিবরণ David Sawyer McFarland
260 ## - IMPRINT | প্রকাশনা ক্ষেত্র
Place of publication | প্রকাশ স্থান Navi Mumbai
Name of publisher | প্রকাশকের নাম Shroff Publishers and Distributors
Date of publication | প্রকাশ কাল 2008
300 ## - PHYSICAL DESCRIPTION |
Page / Vol. No | পৃষ্ঠা / খন্ড সংখ্যা xiii,529p
Other physical details | অনান্য বাহ্যিক বিবরণ ill
504 ## - BIBLIOGRAPHY, ETC. NOTE
Bibliography, etc Includes bibliographical references and index
630 ## - SUBJECT ADDED ENTRY--UNIFORM TITLE
Uniform title Web designing language
650 ## - SUBJECT ADDED ENTRY--TOPICAL TERM | বিষয় শিরোনাম - মূল বিষয়
Topical term | মূল বিষয় Programming languages
651 ## - SUBJECT ADDED ENTRY--GEOGRAPHIC NAME | বিষয় শিরোনাম - ভৌগলিক নাম
Geographic name | ভৌগলিক বিষয় JavaScript
850 ## - HOLDING INSTITUTION
Holding institution LCLIB/005.13(J)/MCF
942 ## - ADDED ENTRY ELEMENTS (KOHA)
Koha item type Books
Holdings
Withdrawn status Lost status Damaged status Not for loan Home library Current library Date acquired Total Checkouts Full call number Accession No. Date last seen Price effective from Koha item type
        Loreto College Loreto College 04/11/2013   005.13(J)/MCF LCLIB/47533 B39048 04/11/2013 04/11/2013 Books